Guess the Sabrina Carpenter song (no hints) #1 - Statistics

General Stats
  • This quiz has been taken 630 times
  • The average score is 205 of 341
Answer Stats
Lyrics % Correct
ah-ah
98%
(Ah-ah)
98%
I
93%
I)
93%
mm,
93%
a
88%
you
86%
You
86%
you,
86%
me
80%
me,
80%
the
77%
love
71%
to
70%
your
69%
and
68%
it
67%
so
66%
we
66%
my
65%
then
64%
uh
63%
who
63%
in
62%
on
62%
Oh
61%
Oh,
61%
(Oh)
61%
(Oh,
61%
Don't
60%
I'm
60%
have
59%
Have
59%
is
59%
know
59%
want
58%
like
57%
for
56%
Juno
55%
but
54%
If
54%
if
54%
just
54%
make
54%
(Ooh,
54%
ooh)
54%
Ooh-ooh
54%
hear
53%
this
53%
of
52%
One
52%
one?
52%
one
52%
tell
52%
Tell
52%
ever
51%
fall
51%
try
51%
wanna
51%
Wanna
51%
are
50%
at
49%
baby,
49%
baby
49%
get
49%
Give
49%
life
48%
let
47%
Let
47%
might
47%
(Might)
47%
touch
47%
way
47%
yeah,
47%
'bout
46%
night,
46%
some
46%
Can't
45%
down
45%
knows?
45%
only,
45%
only
45%
out
45%
right,
45%
thinking
45%
though?
45%
tried
45%
cute,
44%
tonight
44%
two
44%
up
44%
come
43%
dad's
42%
feel
42%
freaky
42%
fuckin'
42%
genetics,
42%
God
42%
Hold
42%
late
42%
pink
42%
positions?
42%
thing
42%
Adore
41%
ass
41%
babe,
41%
bless
41%
explore
41%
fuzzy
41%
handcuffs?
41%
horny
41%
lock
41%
hot
40%
friends,
39%
more
39%
package,
39%
than
39%
high
38%
knockin'
38%
Mark
38%
territory
38%
Whole
38%
fit
37%
Sorry
37%
butterflies
35%
help
35%
hormones
35%
myself,
35%
objectified
35%
showed
34%
high-fived
33%
Ah
21%
No matching quizzes found
Score Distribution
Percent of People with Each Score
Percentile by Number Answered
Your Score History
You have not taken this quiz